| 000 | 00761nam a22002652a 4500 | ||
|---|---|---|---|
| 001 | 19545 | ||
| 003 | BD-RjUL | ||
| 005 | 20211209000440.0 | ||
| 008 | 140224s1967 nyua 000 0 eng d | ||
| 020 | _a0070414009 (:) | ||
| 035 | _a(BD-RjUL)19605 | ||
| 040 |
_aDLC _cDLC _dUKM _dEQO _dBD-RjUL _beng |
||
| 041 | _aeng | ||
| 082 |
_a657 _bMEA |
||
| 100 | 1 |
_aMeigs, Walter B. _960049 |
|
| 245 | 1 | 0 |
_aAccounting : _bthe basis for business decisions / _c Walter B. Meigs & Charles E. Johnson |
| 250 | _a2nd ed. | ||
| 260 |
_aNew York : _bMcGraw-Hill, _c1967. |
||
| 300 |
_axv, 917 p. : _bill. ; _c24 cm |
||
| 650 | 0 |
_aAccounting _960050 |
|
| 700 | 1 |
_aJohnson, Charles E., _d-1969. _946801 |
|
| 942 |
_2ddc _cBK |
||
| 999 |
_c19545 _d19545 |
||